000 00676nam a2200193 i 4500
001 C2-0289168
003 PPAK
005 20180728022037.0
008 080802s2008 my |||| ||||| | may d
040 _aPPAK
_beng
_cPPAK
_erda
245 0 0 _aAwang Osman dan salasilah Raja Permaisuri Agong Tuanku Nur Zahirah
264 1 _aAlor Setar, Kedah :
_bPerbadanan Perpustakaan Awam Kedah ,
_c2008
300 _a16 pages ;
_c30 cm
336 _2rdacontent
_atext
337 _2rdamedia
_aunmediated
338 _2rdacarrier
_avolume
500 _aTranskripsi ; PK 677/08 ; Temubual bersama Dato' Wira Ismail Hamid dan Datin Wira Sri Siti Fatimah bt. Dato' Abu Bakar
942 _ddc
_cB
999 _c94658
_d94658